Windows NT clustering blueprints
Αποθηκεύτηκε σε:
| Κύριος συγγραφέας: | |
|---|---|
| Μορφή: | Βιβλίο |
| Γλώσσα: | English |
| Δημοσίευση: |
Indianapolis, IN :
Sams,
c1997
|
| Θέματα: | |
| Ετικέτες: |
Προσθήκη ετικέτας
Δεν υπάρχουν, Καταχωρήστε ετικέτα πρώτοι!
|
MARC
| LEADER | 00000nam a2200000 i 4500 | ||
|---|---|---|---|
| 001 | 1/3163 | ||
| 008 | 000517s1997 eng d | ||
| 020 | |a 0672311356 | ||
| 035 | |l 10060700 | ||
| 040 | |a GR-MY-UA |b gre |e aacr | ||
| 041 | 0 | |a eng | |
| 082 | 0 | |a 004.368 | |
| 100 | 1 | |a Sportack, Mark A. | |
| 245 | 1 | 0 | |a Windows NT clustering blueprints / |c Mark A. Sportack |
| 260 | |a Indianapolis, IN : |b Sams, |c c1997 | ||
| 300 | |a xvii, 294 p.; |b ill.; |c 24 cm. | ||
| 504 | |a Includes index | ||
| 650 | 0 | 0 | |a Operating systems (Computers) |
| 852 | |a INST |b SAMOS |e 20000517 |h 004.368 SPO |p 005300015392 |q 005300015392 |t BK |y 0 | ||
| 901 | |a BIBL3-2000-2 | ||
| 909 | |a Σ |b 075067 | ||
| 922 | |a 3ΕΛΗ |b 200003 |c ΤΠΕΣ/ΤΑΚΤ |d ΠΑΠΑΣΩΤΗΡΙΟΥ | ||
| 970 | |a ΓΕΝΟΥΖΟΥ |b ΧΡΥΣΑΝΘΗ |z 2000/05/17 | ||